| 000 | 00896nam a22002297a 4500 | ||
|---|---|---|---|
| 005 | 20260421124226.0 | ||
| 008 | 260421b |||||||| |||| 00| 0 eng d | ||
| 020 | _a8187465484 (hbk) | ||
| 037 | _cTB | ||
| 040 |
_aCRL _cCRL |
||
| 041 |
_2hin _ahin |
||
| 084 |
_aU8.73 P6 _qCRL |
||
| 100 |
_aअग्रवाल, दुर्गा प्रसाद _91235278 |
||
| 245 |
_aआंखन देखी: _bअमरीका मेरी निगाहों से |
||
| 260 |
_aजयपुर, भारत: _bविवेक पब्लिशिंग हाउस, _c2006. |
||
| 300 | _a136पृ. | ||
| 365 |
_b150.00 _cINR |
||
| 650 | _aभूगोल | ||
| 650 |
_aअमरीका _91235279 |
||
| 942 |
_2CC _cTB _hU8.73 P6 _n0 |
||
| 999 |
_c1848351 _d1848351 |
||